| 000 | 00611nam a2200181Ia 4500 | ||
|---|---|---|---|
| 008 | 151018s9999 xx 000 0 und d | ||
| 082 |
_bRBASDV18295 _a891.462 |
||
| 100 | _aसाईदास आपटे | ||
| 245 | _aविश्र्वाघात | ||
| 250 | _b1 | ||
| 260 |
_bचंद्रकांत शेट्ये प्रकाशन मंदिर _c1981 |
||
| 300 | _a75 | ||
| 600 | _aसाईदास आपटे | ||
| 630 | _aविश्र्वाघात | ||
| 700 | _aसाईदास आपटे | ||
| 730 | _aविश्र्वाघात | ||
| 942 | _cBOOK | ||
| 999 |
_c1018959 _d1018956 |
||